000 00488nam a2200181Ia 4500
001 18582
005 20260306171641.0
008 260306s9999||||xx |||||||||||||| ||und||
041 _aESP
082 _a658.4092
_bA49
100 _aÁlvarez de Mon Pan de Soraluce, Santiago
_eAUT
245 0 _aParadigmas del liderazgo:
_bclaves de la dirección de personas
260 _c2001
300 _axi, 227 páginas :
_c24 cm.
650 _aGEN
654 _aCAN
942 _cLIB
_dJUS
_fJUS
_2ddc
_n
999 _c18582
_d18582